Medida del beneficio en inflación / (Record no. 73060)

MARC details
000 -LEADER
campo de control de longitud fija 00574nam a2200181 i 4500
001 - NÚMERO DE CONTROL
campo de control 73060
003 - IDENTIFICADOR DE NÚMERO DE CONTROL
campo de control ES-MaACL
005 - FECHA Y HORA DE LA ÚLTIMA TRANSACCIÓN
campo de control 20230906171645.0
007 - CAMPO FIJO DE DESCRIPCIÓN FÍSICA--INFORMACIÓN GENERAL
campo de control de longitud fija t|
008 - DATOS DE LONGITUD FIJA--INFORMACIÓN GENERAL
campo de control de longitud fija 040906s1981 sp ||||1| spa d
100 1# - ENTRADA PRINCIPAL--NOMBRE DE PERSONA
Nombre de persona Goldschmidt, Yaaqov.
9 (RLIN) 57682
245 10 - MENCIÓN DEL TÍTULO
Título Medida del beneficio en inflación /
Mención de responsabilidad, etc. Yaaqov Goldschmidt, Kurt Admon ; [traducción de José A. Redondo López].
260 ## - PUBLICACIÓN, DISTRIBUCIÓN, ETC.
Lugar de publicación, distribución, etc. Madrid :
Nombre del editor, distribuidor, etc. Pirámide,
Fecha de publicación, distribución, etc. [1981]
300 ## - DESCRIPCIÓN FÍSICA
Extensión 302 p. ;
Dimensiones 23 cm.
700 1# - ENTRADA AGREGADA--NOMBRE PERSONAL
Nombre de persona Admon, Kurt.
9 (RLIN) 18455
700 1# - ENTRADA AGREGADA--NOMBRE PERSONAL
Nombre de persona Redondo López, José A.
9 (RLIN) 95829
852 ## - LOCALIZACIÓN
Ubicación ES-MaACL
Número de control de estantería L-1299
Sublocalización o colección R.101642
Holdings
Estatus retirado Estado de pérdida Estado de daño No para préstamo Biblioteca de origen Biblioteca actual Ubicación en estantería Fecha de adquisición Fuente de adquisición Total de préstamos Signatura topográfica completa Código de barras Visto por última vez Precio de reemplazo Tipo de ítem Koha
        Biblioteca del Ateneo de Madrid Biblioteca del Ateneo de Madrid Depósito 2 17/01/2008     L-1299 1076479 23/02/2023 23/02/2023 Libro impreso